Odd But True Facts XIV Quiz Stats

 Plays Quiz Updated Feb 16, 2017

Support Sporcle.
Go Orange.
Score 0/25 Timer 06:00
1 Play Today
% Correct
destroyed in a fire
98%
36 sheep and 36 pigs
92.7%
the northernmost, westernmost, and easternmost
89.7%
Marie Antoinette
89.5%
10,000 horses
89.3%
67 species of bacteria
88.5%
beaming ultrasound signals from their genitals
88.4%
pregnancy
87.5%
the Antarctic
87.3%
Tom & Jerry
87%
the nude
86.9%
count up to four
86.5%
sneezing in the Bible
83.9%
% Correct
dog food
82.9%
the Oxfordshire Bee Keepers' Association
82.5%
President Ronald Reagan
81.3%
the right of way
80.7%
wearing jeans
79.1%
dogs
77.4%
the French Revolution
76.9%
a parrot
71.8%
being left handed
64.9%
hemorrhoid cream during meal times
64.7%
kimchi
60.3%
voting
60%

You're not logged in!

Compare scores with friends on all Sporcle quizzes.
OR
Log In
Forgot?

From the Vault

Indy 500 Winners

by Derek

Sometimes we think these cars resemble airplanes more than they do automobiles.
Remove Ads.
Support Sporcle.
Get the best of Sporcle when you Go Orange. This ad-free experience offers more features, more stats, and more fun while also helping to support Sporcle. Thank you for becoming a member.

Show Comments

Extras

Top Quizzes Today


Score Distribution

Your Account Isn't Verified!

In order to create a playlist on Sporcle, you need to verify the email address you used during registration. Go to your Sporcle Settings to finish the process.

Report this User

Report this user for behavior that violates our Community Guidelines.

Details: